[Event "4NCL Division 3"]
[Site "Puma Hotel, Hinckley Island E"]
[Date "2013.05.05"]
[Round "10.207"]
[White "Waterfield, John W"]
[Black "Lawson, Timothy D"]
[Result "1-0"]
[WhiteElo "1990"]
[BlackElo "1825"]
[PlyCount "79"]
[EventDate "2013.03.23"]
[Source "J.Saunders"]
[SourceDate "1998.06.06"]

1. e4 d5 2. exd5 Nf6 3. d4 Nxd5 4. c4 Nb6 5. Nf3 Bg4 6. c5 Nd5 7. Qb3 Bxf3 8.
Qxb7 Ne3 9. Qxf3 Nc2+ 10. Kd1 Nxd4 11. Qxa8 g6 12. Bd2 Bg7 13. Nc3 O-O 14. Qd5
Qc8 15. Bc4 Nbc6 16. a3 Qg4+ 17. Kc1 Na5 18. h3 Qc8 19. c6 Nxc4 20. Qxc4 Qf5
21. Ne2 Qxf2 22. Nxd4 Bxd4 23. Rf1 Qxg2 24. Kc2 Bxb2 25. Rab1 Bxa3 26. Rb3 Rd8
27. Qxf7+ Kh8 28. Rf2 Qe4+ 29. Kd1 Bb4 30. Re2 Qd4 31. Rxb4 Qxb4 32. Qf8+ Rxf8
33. Bxb4 Rf7 34. Rxe7 Kg8 35. Re8+ Kg7 36. Bc3+ Kh6 37. Rd8 g5 38. Rd7 Kg6 39.
Ba5 Kf6 40. Bxc7 1-0

[Event "4NCL Division 3"]
[Site "Puma Hotel, Hinckley Island E"]
[Date "2013.05.05"]
[Round "10.215"]
[White "Adams, Philip"]
[Black "Hamer, Martyn"]
[Result "1-0"]
[WhiteElo "2072"]
[BlackElo "2030"]
[PlyCount "75"]
[EventDate "2013.03.23"]
[Source "J.Saunders"]
[SourceDate "1998.06.06"]

1. e4 Nf6 2. e5 Nd5 3. d4 d6 4. Nf3 dxe5 5. Nxe5 c6 6. Be2 Nd7 7. Nf3 N7f6 8.
O-O Bg4 9. Ne5 Bxe2 10. Qxe2 e6 11. c4 Nb6 12. Rd1 Be7 13. Nc3 O-O 14. Bf4 Nbd7
15. Rd3 Qc8 16. Rad1 Rd8 17. Rg3 Nxe5 18. dxe5 Ne8 19. Ne4 g6 20. Bg5 Bxg5 21.
Nxg5 Rxd1+ 22. Qxd1 Qd8 23. Qc1 Qd4 24. Nf3 Qd7 25. h4 Ng7 26. h5 Rd8 27. Kh2
Nf5 28. Rh3 Qc7 29. Qf4 c5 30. g4 Nd4 31. Qf6 Nxf3+ 32. Rxf3 h6 33. hxg6 fxg6
34. Qxe6+ Kg7 35. Rf6 Rf8 36. Rxg6+ Kh7 37. Rxh6+ Kg7 38. Qg6# 1-0

[Event "4NCL Division 3"]
[Site "Puma Hotel, Hinckley Island E"]
[Date "2013.05.05"]
[Round "10.216"]
[White "Mulleady, Peter J"]
[Black "Burke, Mitchell R"]
[Result "1-0"]
[WhiteElo "1905"]
[BlackElo "1966"]
[PlyCount "97"]
[EventDate "2013.03.23"]
[Source "J.Saunders"]
[SourceDate "1998.06.06"]

1. c4 e5 2. g3 Nc6 3. Bg2 f5 4. Nc3 Nf6 5. d3 Bb4 6. Bd2 O-O 7. Nh3 d6 8. O-O
Bxc3 9. Bxc3 Qe8 10. e3 Qg6 11. f4 Ng4 12. Qd2 Qh6 13. Bd5+ Kh8 14. Ng5 Qh5 15.
Rfe1 h6 16. Nf3 Nd8 17. c5 Nf6 18. Bb3 exf4 19. exf4 dxc5 20. Re7 Nc6 21. Bxf6
Nxe7 22. Bxe7 Re8 23. Bxc5 Be6 24. Bxe6 Rxe6 25. Ne5 Rd8 26. Qd1 Qxd1+ 27. Rxd1
Kg8 28. Kf2 Rd5 29. Bb4 c5 30. Be1 b6 31. Rc1 a5 32. a3 g5 33. Bc3 Rd8 34. Re1
Rd5 35. Re3 Rd8 36. Nc4 Rxe3 37. Nxe3 gxf4 38. gxf4 Rxd3 39. Nxf5 Kh7 40. Ne3
Kg6 41. Kf3 Rd8 42. f5+ Kg5 43. h4+ Kh5 44. Bf6 Rf8 45. Be7 Rf7 46. Nd5 Rxf5+
47. Nf4+ Rxf4+ 48. Kxf4 c4 49. a4 1-0

[Event "4NCL Division 3"]
[Site "Puma Hotel, Hinckley Island E"]
[Date "2013.05.05"]
[Round "10.218"]
[White "Norris, Michael J"]
[Black "Manton, Jacob"]
[Result "1/2-1/2"]
[WhiteElo "1969"]
[BlackElo "1828"]
[PlyCount "139"]
[EventDate "2013.03.23"]
[Source "J.Saunders"]
[SourceDate "1998.06.06"]

1. d4 Nf6 2. c4 c5 3. d5 e6 4. Nc3 exd5 5. cxd5 d6 6. e4 g6 7. Bb5+ Nbd7 8. Nf3
Bg7 9. O-O O-O 10. Bf4 Qe7 11. Re1 Nh5 12. Bg5 f6 13. Bd2 Bh8 14. Bxd7 Bxd7 15.
h3 b5 16. Qc2 b4 17. Nd1 Qf7 18. g4 Ng7 19. Ne3 f5 20. exf5 gxf5 21. Ng5 Qg6
22. f4 Rf6 23. Kh2 h6 24. Nf3 fxg4 25. Qxg6 Rxg6 26. hxg4 Rxg4 27. Nxg4 Bxg4
28. Nh4 Kf7 29. Rg1 h5 30. Rae1 Ne8 31. b3 Nf6 32. Rg3 Re8 33. Rxe8 Kxe8 34.
Ng6 Bg7 35. Re3+ Kf7 36. Ne7 Bf8 37. Nc6 Nxd5 38. Rd3 Nf6 39. Nxa7 Ne4 40. Bc1
Bg7 41. a4 bxa3 42. Bxa3 Bd7 43. Rd5 Bd4 44. Bc1 Kg6 45. b4 Be6 46. f5+ Bxf5
47. bxc5 dxc5 48. Nb5 Be6 49. Rd8 Bf6 50. Re8 Kf5 51. Na3 Nd6 52. Rf8 Kg6 53.
Nc2 h4 54. Bf4 Ne4 55. Rb8 c4 56. Rb6 Kf5 57. Bc1 c3 58. Ne3+ Ke5 59. Rb4 Nd2
60. Ng4+ Bxg4 61. Rxg4 Nb3 62. Be3 Kd5 63. Rb4 Na1 64. Rb1 c2 65. Rf1 Ke6 66.
Kh3 Nb3 67. Rf2 Nd4 68. Rxc2 Nxc2 69. Bf2 Kf5 70. Bxh4 1/2-1/2

[Event "4NCL Division 3"]
[Site "Puma Hotel, Hinckley Island E"]
[Date "2013.05.05"]
[Round "10.225"]
[White "Reuben, Stewart"]
[Black "Booley, Graham M"]
[Result "1/2-1/2"]
[WhiteElo "2068"]
[BlackElo "1779"]
[PlyCount "69"]
[EventDate "2013.03.23"]
[Source "J.Saunders"]
[SourceDate "1998.06.06"]

1. c4 e5 2. g3 Nc6 3. Bg2 g6 4. Nc3 d6 5. e3 Bg7 6. Nge2 Nge7 7. d4 exd4 8.
Nxd4 O-O 9. O-O Ne5 10. b3 Rb8 11. Bb2 Bg4 12. f3 Bd7 13. Qd2 Qc8 14. Nd5 Nxd5
15. cxd5 Bh3 16. Bxh3 Qxh3 17. Rac1 Qd7 18. Rc2 Rfe8 19. Rfc1 Rbc8 20. Kg2 c5
21. dxc6 bxc6 22. h3 c5 23. Ne2 Qf5 24. Ng1 Qd3 25. Bxe5 Qxd2+ 26. Rxd2 Bxe5
27. f4 Bg7 28. Rxd6 Rxe3 29. Rd5 Rc3 30. Rxc3 Bxc3 31. Ne2 Ba5 32. Kf3 Bb6 33.
Nc3 f5 34. Na4 c4 35. Nxb6 1/2-1/2

[Event "4NCL Division 3"]
[Site "Puma Hotel, Hinckley Island E"]
[Date "2013.05.05"]
[Round "10.227"]
[White "Fraser-Mitchell, Jeremy N"]
[Black "Turvey, Steven S"]
[Result "1-0"]
[WhiteElo "2065"]
[BlackElo "1788"]
[PlyCount "43"]
[EventDate "2013.03.23"]
[Source "J.Saunders"]
[SourceDate "1998.06.06"]

1. d4 d5 2. e4 dxe4 3. Nc3 Nf6 4. f3 exf3 5. Nxf3 Bf5 6. Bc4 e6 7. Ne5 c6 8.
O-O h6 9. Nxf7 Kxf7 10. Rxf5 Bd6 11. Ne4 Ke7 12. Nxd6 Qxd6 13. Bf4 Qd7 14. Re5
Nd5 15. Bg3 b5 16. Bxd5 cxd5 17. Qg4 g5 18. Rae1 Kd8 19. Rxe6 Kc8 20. Re8+ Rxe8
21. Rxe8+ Kb7 22. Rxb8+ 1-0

[Event "4NCL Division 3"]
[Site "Puma Hotel, Hinckley Island E"]
[Date "2013.05.05"]
[Round "10.228"]
[White "Smith, Peter K"]
[Black "Adebajo, Olufemi"]
[Result "0-1"]
[WhiteElo "1764"]
[BlackElo "1963"]
[PlyCount "114"]
[EventDate "2013.03.23"]
[Source "J.Saunders"]
[SourceDate "1998.06.06"]

1. d4 d5 2. Bf4 c6 3. c3 Nf6 4. e3 g6 5. Nf3 Bg7 6. Bd3 O-O 7. O-O Nh5 8. Bg5
Qc7 9. Nbd2 f6 10. Bh4 e5 11. dxe5 fxe5 12. e4 Nf4 13. Qc2 Nd7 14. Bg5 Nc5 15.
Bxf4 Rxf4 16. Rfe1 Bg4 17. h3 Nxd3 18. Qxd3 dxe4 19. Rxe4 Bf5 20. Qc4+ Kh8 21.
Rxf4 exf4 22. Ng5 h6 23. Ne6 Bxe6 24. Qxe6 Rd8 25. Nf3 Qd6 26. Qxd6 Rxd6 27.
Re1 Rd5 28. Re8+ Kh7 29. Re7 Rb5 30. b3 Kg8 31. c4 Rb6 32. Kf1 Kf8 33. Rd7 Bf6
34. Ke2 a5 35. Nd2 Be7 36. Kf3 g5 37. g3 fxg3 38. fxg3 Ke8 39. Rd3 h5 40. Re3
Kf7 41. g4 h4 42. Re5 a4 43. Ra5 axb3 44. axb3 Rb4 45. Ke4 b5 46. Kd3 bxc4+ 47.
bxc4 Rb7 48. Ra6 Rd7+ 49. Kc2 c5 50. Rc6 Rd4 51. Rc7 Ke6 52. Rc6+ Kf7 53. Rc7
Rf4 54. Rd7 Ke6 55. Rd3 Bf6 56. Re3+ Kd6 57. Ne4+ Kc6 0-1

[Event "4NCL Division 3"]
[Site "Puma Hotel, Hinckley Island E"]
[Date "2013.05.05"]
[Round "10.230"]
[White "Holowczak, Alex R"]
[Black "Valentine, Brian J"]
[Result "0-1"]
[WhiteElo "1680"]
[BlackElo "1950"]
[PlyCount "126"]
[EventDate "2013.03.23"]
[Source "J.Saunders"]
[SourceDate "1998.06.06"]

1. e4 e5 2. Nf3 Nc6 3. d4 exd4 4. Nxd4 Nf6 5. Nc3 Bb4 6. Bg5 h6 7. Bxf6 Qxf6 8.
Nde2 O-O 9. a3 Ba5 10. b4 Bb6 11. f3 Ne7 12. Na4 d5 13. Nxb6 axb6 14. Qd4 Qxd4
15. Nxd4 c5 16. Nb3 dxe4 17. fxe4 cxb4 18. axb4 Rxa1+ 19. Nxa1 Nc6 20. b5 Ne5
21. Nb3 Be6 22. Nd4 Bc4 23. Bxc4 Nxc4 24. O-O Re8 25. Re1 Re5 26. Kf2 Nd6 27.
Kf3 Nxb5 28. Nxb5 Rxb5 29. Rd1 f5 30. Rd8+ Kh7 31. Rd7 Rc5 32. Rxb7 fxe4+ 33.
Kxe4 Rxc2 34. Kf3 Rc6 35. h4 Kg6 36. g4 Kf6 37. g5+ hxg5 38. hxg5+ Kxg5 39.
Rxg7+ Kf6 40. Rd7 Ke6 41. Rd3 Rd6 42. Rc3 Kd5 43. Ke3 Rc6 44. Rb3 Kc4 45. Rb1
Rd6 46. Rc1+ Kb3 47. Rb1+ Kc2 48. Rb5 Kc3 49. Rb1 Re6+ 50. Kf4 Kd4 51. Kf5 Rh6
52. Kg5 Rd6 53. Kf5 Kc5 54. Ke5 Rd3 55. Ke4 Rc3 56. Rh1 b5 57. Rh8 Kc4 58. Rc8+
Kb3 59. Rb8 b4 60. Kd4 Rc7 61. Rh8 Ka3 62. Kd3 b3 63. Rh1 b2 0-1

[Event "4NCL Division 3"]
[Site "Puma Hotel, Hinckley Island E"]
[Date "2013.05.05"]
[Round "10.235"]
[White "Payne, Matthew J"]
[Black "Rumsey, Victor B"]
[Result "1-0"]
[WhiteElo "1968"]
[BlackElo "1885"]
[PlyCount "99"]
[EventDate "2013.03.23"]
[Source "J.Saunders"]
[SourceDate "1998.06.06"]

1. e4 c6 2. d4 d5 3. f3 dxe4 4. fxe4 e5 5. Nf3 Bg4 6. Bc4 Nd7 7. c3 Bh5 8. O-O
Ngf6 9. Bg5 Qc7 10. Nbd2 Bd6 11. Qb3 b5 12. Be2 O-O 13. Rae1 h6 14. Bxf6 Nxf6
15. dxe5 Bxe5 16. Nxe5 Bxe2 17. Rxe2 Qxe5 18. Rf5 Qe6 19. Nf3 Qxb3 20. axb3
Rac8 21. b4 Rc7 22. b3 Re8 23. Re5 Kf8 24. Rxe8+ Kxe8 25. Nd4 g6 26. Re1 Nd7
27. e5 Nf8 28. Kf2 Ke7 29. Ra1 Ne6 30. Rxa7 Kd7 31. Rxc7+ Nxc7 32. c4 Na6 33.
cxb5 cxb5 34. Ke3 Nxb4 35. Nxb5 Kc6 36. Nc3 Na6 37. Kd4 Nb4 38. Kc4 Nc2 39. Nd1
Na3+ 40. Kb4 Nc2+ 41. Kc3 Na3 42. Ne3 Nb1+ 43. Kd4 Nd2 44. b4 Kb5 45. Kd3 Nb3
46. Ng4 h5 47. Nh6 Kxb4 48. Nxf7 Kb5 49. Ke4 Kc6 50. e6 1-0

[Event "4NCL Division 3"]
[Site "Puma Hotel, Hinckley Island E"]
[Date "2013.05.05"]
[Round "10.236"]
[White "Buttell, David"]
[Black "Tarhon, Brian"]
[Result "1-0"]
[WhiteElo "1848"]
[BlackElo "1863"]
[PlyCount "83"]
[EventDate "2013.03.23"]
[Source "J.Saunders"]
[SourceDate "1998.06.06"]

1. d4 Nf6 2. c4 g6 3. Nc3 Bg7 4. e4 d6 5. f3 O-O 6. Be3 e5 7. d5 c6 8. Qd2 cxd5
9. cxd5 a6 10. Bd3 b5 11. a3 Nbd7 12. b4 Nh5 13. Nge2 f5 14. O-O f4 15. Bf2 Bb7
16. Nc1 Nb6 17. Nb3 Rc8 18. Rfc1 Bf6 19. Na5 Ba8 20. Rc2 Bh4 21. Rac1 Bxf2+ 22.
Qxf2 Nf6 23. Nb1 Nfd7 24. Rxc8 Nxc8 25. Nc6 Qb6 26. Nd2 Kf7 27. Nb3 Qxf2+ 28.
Kxf2 Ncb6 29. Nba5 Kf6 30. g3 g5 31. gxf4 gxf4 32. Bf1 Na4 33. Bh3 Ndb6 34. Na7
Rf7 35. Nc8 Nxc8 36. Rxc8 Ra7 37. Re8 Nc3 38. Re6+ Kf7 39. Rh6 Kg7 40. Rxd6 Nb1
41. Nc6 Bxc6 42. dxc6 1-0

[Event "4NCL Division 3"]
[Site "Puma Hotel, Hinckley Island E"]
[Date "2013.05.05"]
[Round "10.247"]
[White "Lavelle, Terry WT"]
[Black "Lee, Darren"]
[Result "1/2-1/2"]
[WhiteElo "1562"]
[BlackElo "1890"]
[PlyCount "155"]
[EventDate "2013.03.23"]
[Source "J.Saunders"]
[SourceDate "1998.06.06"]

1. e4 e6 2. Qe2 Be7 3. Nf3 d6 4. g3 c5 5. d4 cxd4 6. Nxd4 Nc6 7. Nxc6 bxc6 8.
Bg2 e5 9. b3 Nf6 10. Nd2 a5 11. Bb2 Ba6 12. c4 Rb8 13. O-O Qc7 14. Rfe1 O-O 15.
Qd1 Nd7 16. Nf3 Nc5 17. Bc3 Bc8 18. Qd2 Ra8 19. Rad1 Bg4 20. h3 Bh5 21. Rb1 Bg6
22. Nh2 f5 23. exf5 Bxf5 24. Rbd1 Bg6 25. Qe3 Rae8 26. Ng4 Nd7 27. Be4 Bxe4 28.
Qxe4 Nc5 29. Qe3 Nd7 30. Re2 h5 31. Nh2 Nf6 32. Red2 Nh7 33. Qe2 Nf6 34. Rd3 g6
35. Qd2 Kg7 36. Qe3 Rf7 37. f4 exf4 38. Qxf4 Ref8 39. Bd2 Ng4 40. Bc3+ Ne5 41.
Qe3 Kh7 42. Bxe5 dxe5 43. Rf1 Rxf1+ 44. Nxf1 Bd6 45. Rd2 Qe7 46. Kg2 Bc5 47.
Qe4 Qf6 48. Ne3 Bd4 49. g4 hxg4 50. Nxg4 Qg5 51. Rxd4 exd4 52. Qxd4 Qe7 53. Qe5
Qf7 54. Qe1 Qf5 55. Qh4+ Kg7 56. Qe7+ Rf7 57. Qe5+ Qxe5 58. Nxe5 Rf6 59. a3 Re6
60. Nd3 Re3 61. Nc5 Kf7 62. Nb7 Rxb3 63. Nxa5 Rxa3 64. Nxc6 Rc3 65. Ne5+ Kf6
66. Nf3 Rxc4 67. Kg3 g5 68. Nd2 Rd4 69. Nf3 Rd3 70. Kg4 Rd5 71. h4 gxh4 72.
Nxh4 Rd4+ 73. Kg3 Ra4 74. Nf3 Re4 75. Kf2 Kf5 76. Nd2 Re8 77. Kf3 Rd8 78. Ke3
1/2-1/2

[Event "4NCL Division 3"]
[Site "Puma Hotel, Hinckley Island E"]
[Date "2013.05.05"]
[Round "10.1"]
[White "Kafka, Graeme"]
[Black "Henbest, Kevin B"]
[Result "1-0"]
[WhiteElo "2065"]
[BlackElo "1771"]
[PlyCount "67"]
[EventDate "2013.03.23"]
[Source "J.Saunders"]
[SourceDate "1998.06.06"]

1. e4 c5 2. Nf3 d6 3. d4 cxd4 4. Nxd4 Nf6 5. Nc3 a6 6. g3 e5 7. Bg2 Be7 8. Nde2
Be6 9. O-O O-O 10. h3 Nbd7 11. g4 h6 12. Ng3 Nb6 13. Nf5 Bxf5 14. gxf5 Rc8 15.
Qd3 Nc4 16. b3 Nb6 17. Be3 Qc7 18. Nd1 Nbd7 19. c4 Nc5 20. Qc2 b5 21. cxb5 axb5
22. Qe2 Qb7 23. Nc3 b4 24. Nd5 Nxd5 25. exd5 Qd7 26. Qg4 Kh7 27. Qxb4 Qxf5 28.
Bxc5 dxc5 29. Be4 cxb4 30. Bxf5+ g6 31. Bxc8 Rxc8 32. Rac1 Rd8 33. Rc7 Re8 34.
Rd1 1-0

[Event "4NCL Division 3"]
[Site "Puma Hotel, Hinckley Island E"]
[Date "2013.05.05"]
[Round "10.9"]
[White "Lehner, Oliver"]
[Black "Paul, Barnaby J"]
[Result "1-0"]
[WhiteElo "2453"]
[BlackElo "1629"]
[PlyCount "71"]
[EventDate "2013.03.23"]
[Source "J.Saunders"]
[SourceDate "1998.06.06"]

1. Nf3 d5 2. d4 e6 3. c4 Nf6 4. g3 Be7 5. Bg2 O-O 6. O-O c6 7. Nbd2 Nbd7 8. Qc2
Re8 9. e4 dxe4 10. Nxe4 Nxe4 11. Qxe4 Nf6 12. Qc2 h6 13. Bd2 Qc7 14. Rfe1 Rb8
15. c5 Nd5 16. Ne5 Bf6 17. Ng4 Bg5 18. Bxg5 hxg5 19. Ne5 f6 20. Qg6 Qe7 21. Ng4
f5 22. Bxd5 cxd5 23. Nf6+ Qxf6 24. Qxe8+ Kh7 25. Re5 Qg6 26. Qd8 Qf6 27. Qc7
Ra8 28. Rae1 Kg8 29. b4 Qf7 30. Qd8+ Qf8 31. Rxd5 Qxd8 32. Rxd8+ Kf7 33. d5 Ke7
34. Rh8 b6 35. Rxe6+ Bxe6 36. d6+ 1-0

[Event "4NCL Division 3"]
[Site "Puma Hotel, Hinckley Island E"]
[Date "2013.05.05"]
[Round "10.10"]
[White "Smith, Patrick L"]
[Black "Williamson, Roger G"]
[Result "0-1"]
[WhiteElo "1795"]
[BlackElo "2148"]
[PlyCount "90"]
[EventDate "2013.03.23"]
[Source "J.Saunders"]
[SourceDate "1998.06.06"]

1. e4 e5 2. Bc4 Nc6 3. Nc3 Nf6 4. d3 Bb4 5. Nge2 d5 6. exd5 Nxd5 7. O-O Nb6 8.
Bb5 O-O 9. a3 Be7 10. Bxc6 bxc6 11. f4 exf4 12. Nxf4 Rb8 13. Ne4 Nd5 14. b4 f5
15. Ng3 Bf6 16. Nxd5 Bxa1 17. Nf4 Be5 18. c3 Qh4 19. Qb3+ Kh8 20. Qc4 Qf6 21.
d4 Bd6 22. Qe2 Bd7 23. Nd3 Rbe8 24. Qf3 g5 25. Nc5 Bxc5 26. dxc5 f4 27. Ne2 Qg6
28. c4 Kg8 29. Nd4 g4 30. Qc3 Qe4 31. Qd2 Qe3+ 32. Qxe3 fxe3 33. Rxf8+ Kxf8 34.
Kf1 Re4 35. Bb2 g3 36. h3 e2+ 37. Nxe2 Rxc4 38. Nxg3 Rc2 39. Be5 Be6 40. Bxc7
Bd5 41. Ne2 Bc4 42. Bd6+ Kf7 43. a4 Rxe2 44. b5 cxb5 45. c6 Re6+ 0-1

[Event "4NCL Division 3"]
[Site "Puma Hotel, Hinckley Island E"]
[Date "2013.05.05"]
[Round "10.11"]
[White "Bernhard, Peter"]
[Black "Anilkumar, Anantha P (jnr)"]
[Result "1-0"]
[WhiteElo "2142"]
[BlackElo "1597"]
[PlyCount "77"]
[EventDate "2013.03.23"]
[Source "J.Saunders"]
[SourceDate "1998.06.06"]

1. c4 Nf6 2. Nc3 d5 3. d4 g6 4. g3 Bg7 5. Bg2 e6 6. Nf3 O-O 7. O-O Nbd7 8. Bg5
h6 9. Bd2 Nb6 10. c5 Nc4 11. Bc1 b6 12. b3 Na5 13. cxb6 axb6 14. Ne5 Nd7 15. f4
Nxe5 16. fxe5 Nc6 17. Bb2 Bb7 18. Rc1 Qd7 19. a4 Rac8 20. Ba3 Rfe8 21. e3 Ne7
22. Rf2 Nf5 23. Qd3 Ra8 24. g4 Nh4 25. Bf1 g5 26. Qc2 c5 27. Bb5 Bc6 28. Rcf1
Bxb5 29. Nxb5 Rac8 30. Qe2 Rc6 31. Nd6 Qd8 32. Rxf7 Rf8 33. Rxf8+ Bxf8 34. Qf2
Bxd6 35. Qf7+ Kh8 36. exd6 Rxd6 37. dxc5 bxc5 38. Bxc5 Rc6 39. Bd4+ 1-0

[Event "4NCL Division 3"]
[Site "Puma Hotel, Hinckley Island E"]
[Date "2013.05.05"]
[Round "10.14"]
[White "Anilkumar, Anantha PP (snr)"]
[Black "Bernhard, Julia"]
[Result "1/2-1/2"]
[WhiteElo "1342"]
[BlackElo "1829"]
[PlyCount "74"]
[EventDate "2013.03.23"]
[Source "J.Saunders"]
[SourceDate "1998.06.06"]

1. e4 e5 2. Nf3 Nc6 3. d4 exd4 4. Nxd4 Bc5 5. Be3 Qf6 6. c3 Nge7 7. Bc4 Ne5 8.
Bb3 Qg6 9. O-O O-O 10. f3 d6 11. Bc2 Nc4 12. Qe2 Bh3 13. Rf2 Nxe3 14. Qxe3 Rfe8
15. g4 Nf5 16. Qd2 Nxd4 17. cxd4 Bb6 18. Kh1 d5 19. e5 Qc6 20. Nc3 Qc4 21. Rd1
h5 22. Bb3 Qb4 23. Qf4 c6 24. Rfd2 hxg4 25. fxg4 f5 26. g5 Bg4 27. Rg1 Re6 28.
Rg3 g6 29. h3 Bh5 30. Qh4 Kg7 31. Bd1 Rh8 32. Qf4 Bxd1 33. Nxd1 Bc7 34. Re2 Qc4
35. Nc3 Rhe8 36. Rge3 Bb6 37. Rd2 Bc7 1/2-1/2